Επεξεργασία ελαιουργικών αποβλήτων με ηλιακή απόσταξη : διπλωματική εργασία [μεταπτυχιακή διατριβή]
Αποθηκεύτηκε σε:
| Κύριος συγγραφέας: | |
|---|---|
| Συγγραφή απο Οργανισμό/Αρχή: | |
| Άλλοι συγγραφείς: | |
| Μορφή: | Thesis Βιβλίο |
| Γλώσσα: | Greek |
| Δημοσίευση: |
2013
|
| Θέματα: | |
| Ετικέτες: |
Προσθήκη ετικέτας
Δεν υπάρχουν, Καταχωρήστε ετικέτα πρώτοι!
|
MARC
| LEADER | 00000cam a2200000 i 4500 | ||
|---|---|---|---|
| 001 | 1/55935 | ||
| 008 | 140915s2013 gre d | ||
| 035 | |l 10119094 | ||
| 040 | |a GR-MY-UA |b gre |e aacr | ||
| 041 | 0 | |a gre | |
| 082 | 0 | |a 628.3 |2 (22) | |
| 100 | 1 | |a Σκλάβος, Σωτήρης. | |
| 245 | 1 | 0 | |a Επεξεργασία ελαιουργικών αποβλήτων με ηλιακή απόσταξη : |b διπλωματική εργασία [μεταπτυχιακή διατριβή] / |c Σκλάβος Σωτήριος ; επιβλέπων: Στασινάκης Αθανάσιος |
| 260 | |c 2013 | ||
| 300 | |a 100 σ.; |c 30 εκ. | ||
| 500 | |a Βιβλιογραφία: σ. 89-95, παράρτημα | ||
| 502 | # | # | |a Διατριβή (μεταπτυχιακή) – Πανεπιστήμιο Αιγαίου, Λέσβος, 2013. |
| 650 | 0 | 0 | |a Olive oil industry |z Greece |z Lesbos Island. |
| 650 | 0 | 0 | |a Olive oil industry |x Waste disposal. |
| 650 | 0 | 0 | |a Factory and trade waste |x Purification |z Greece |z Lesbos Island. |
| 650 | 0 | 0 | |a Dissertations, Academic |z Greece. |
| 700 | 1 | |a Στασινάκης, Αθανάσιος. |4 ths | |
| 710 | 2 | |a Πανεπιστήμιο Αιγαίου |b Σχολή Περιβάλλοντος |b Τμήμα Περιβάλλοντος |b Θεοφράστειο Πρόγραμμα Μεταπτυχιακών Σπουδών Περιβαλλοντική και Οικολογική Μηχανική. | |
| 852 | |a INST |b LESVOS |c DIATR |e 20140915 |h 783 |p 005100055218 |q 005100055218 |t MTXE |y 23 | ||
| 852 | |a INST |b LESVOS |c DIATR |e 20140915 |h 784 |p 005100055219 |q 005100055219 |t MTXE |y 23 | ||
| 901 | |a BIBL1-2014-3 | ||
| 909 | |a Λ |b 190748 | ||
| 909 | |a Λ |b 190749 | ||
| 924 | |a ΣΚΛΑΒΟΣ |b ΣΩΤΗΡΙΟΣ |y ΛΕΣΒΟΣ |z 2013-05 | ||
| 970 | |a ΤΖΑΦΕΡΗ |b ΕΥΑΓΓΕΛΙΑ |z 2014/09/15 | ||